|
|
|
|
| LEADER |
00635nab a2200181 i 4500 |
| 001 |
tisza23513 |
| 005 |
20200330114409.0 |
| 008 |
161129s1948 hu o 0|| hun d |
| 022 |
|
|
|a 0133-1167
|
| 040 |
|
|
|a SZTE Tiszatáj Archívum
|b hun
|
| 041 |
|
|
|a hun
|
| 100 |
1 |
|
|a Berky Imre
|
| 245 |
1 |
0 |
|a Lukács György
|h [elektronikus dokumentum] :
|b A polgári filozófia válsága : [könyvismertetés] /
|c Berky Imre
|
| 260 |
|
|
|c 1948
|
| 300 |
|
|
|a 253-263
|
| 490 |
0 |
|
|a Tiszatáj
|v 2 No. 6
|
| 695 |
|
|
|a Filozófia története - 20. sz. - könyvismertetés
|
| 856 |
4 |
0 |
|u http://tiszataj.bibl.u-szeged.hu/23513/1/tiszataj_1948_006_262.pdf
|z Dokumentum-elérés
|